Visualizzazione normale
Vista MARC
- Damiani Damiano
di Personal Name
Records bibliografici associati: 1
001 - CONTROL NUMBER
- control field: 46124
003 - CONTROL NUMBER IDENTIFIER
- control field: IT-RoPau
005 - DATE AND TIME OF LATEST TRANSACTION
- control field: 20151129221141.0
008 - FIXED-LENGTH DATA ELEMENTS
- fixed length control field: 151129|| aca||aabn | a|a d
040 ## - CATALOGING SOURCE
- Original cataloging agency: IT-RoPau
- Transcribing agency: IT-RoPau
100 ## - HEADING--PERSONAL NAME
- Personal name: Damiani Damiano
- Relator term: (soggetto)
- Miscellaneous information: Codice Soggetto SPICS: 7592
670 ## - SOURCE DATA FOUND
- Source citation: Work cat.: (IT-RoPau)106297: Damiani Damiano Codice regista SPICS: 7592 41060, AMA IL TUO NEMICO AMA IL TUO NEMICO (Rif. Codice opera principale : G0215)